000 00633nam a2200229Ia 4500
003 OSt
005 20220918220733.0
006 a|||||r|||| 00| 0
007 ta
008 220917b |||||||| |||| 00| 0 eng d
024 _a146,913
037 _cTextual
040 _aARTS
_cARTS
_beng
041 _2eng
_aeng
082 _aY1:3510N8.262, K9
100 _aBhattacharya Deben Tr
_9138190
245 0 _aMirror of the sky
_b Songs of the Bauls from Bengal
260 _aNA
_bNA
_c1969
650 _aSOCIOLOGY
942 _hY1:3510N8.262, K9
_cTEXL
_2CC
999 _c269668
_d269668